Effect of humidity and water content on the cure behaviour of a natural rubber accelerated sulfur compound (Record no. 57892)

MARC details
000 -LEADER
fixed length control field 00498nam a2200169Ia 4500
100 ## - MAIN ENTRY--AUTHOR NAME
Personal name Butler J
245 #0 - TITLE STATEMENT
Title Effect of humidity and water content on the cure behaviour of a natural rubber accelerated sulfur compound
260 ## - PUBLICATION, DISTRIBUTION, ETC. (IMPRINT)
Name of publisher Rubber Chemistry and Technology
Year of publication 1992
300 ## - PHYSICAL DESCRIPTION
Number of Pages 374-84
650 ## - SUBJECT ADDED ENTRY--TOPICAL TERM
Topical Term Cure behaviour
650 ## - SUBJECT ADDED ENTRY--TOPICAL TERM
Topical Term Humidity
650 ## - SUBJECT ADDED ENTRY--TOPICAL TERM
Topical Term Natural rubber
650 ## - SUBJECT ADDED ENTRY--TOPICAL TERM
Topical Term Water content
700 ## - ADDED ENTRY--PERSONAL NAME
Personal name Freakley P K
942 ## - ADDED ENTRY ELEMENTS (KOHA)
Koha item type Journals
Holdings
Withdrawn status Lost status Damaged status Not for loan Home library Current library Shelving location Date acquired Serial Enumeration / chronology Koha item type
      Journals RRII Library RRII Library Rubber chemistry 17/12/2021 Volume 65, Issue 2 Journals